000 00665nam a22001815i 4500
001 154721
003 ES-MaACL
005 20250927135239.0
008 160208s1929 sp |||| | spa d
100 0 _aAyensa, Emilio.
_924142
245 1 0 _aVista de la causa seguida contra el señor Sánchez Guerra /
_cEmilio Ayensa.
260 _aMadrid :
_bCaro Raggio,
_c1929.
300 _a206 p., [1] h. de lám. ;
_c19 cm.
600 1 7 _aSánchez Guerra, José,
_d1859-1935-
_xProcesos
_2
_9158708
700 0 _aSánchez Guerra, Rafael.
_9102691
852 _aES-MaACL
_jL-30208
_z.- Donat. herederos de la bibl. de Mª del Pilar Costa Palacín
999 _c154721
_d154721